OPAC Home

ගෝචර ආහාර ශාක සංස්ථාපනය, නඩත්තුව සහ භාවිතය සඳහා මග පෙන්විමක් (Record no. 12913)

MARC details
000 -LEADER
fixed length control field 00660nam a2200181Ia 4500
008 - FIXED-LENGTH DATA ELEMENTS--GENERAL INFORMATION
fixed length control field 180921t xxu||||| |||| 00| 0 sin d
041 ## - LANGUAGE CODE
Language code of text/sound track or separate title Sinhala; Sinhalese
080 ## - UNIVERSAL DECIMAL CLASSIFICATION NUMBER
Universal Decimal Classification number 636 SRI L
Item number NKA
942 ## - ADDED ENTRY ELEMENTS (KOHA)
Koha item type Books
003 - CONTROL NUMBER IDENTIFIER
control field LK-CoDNM
040 ## - CATALOGING SOURCE
Original cataloging agency LK-CoDNM
Modifying agency LK-CoDNM
Description conventions LK-CoDNM
100 ## - MAIN ENTRY--PERSONAL NAME
Personal name Athanayake, M.R.K.
700 ## - ADDED ENTRY--PERSONAL NAME
Personal name Abegunawarthana, A.S
Relator term editor
245 ## - TITLE STATEMENT
Title ගෝචර ආහාර ශාක සංස්ථාපනය, නඩත්තුව සහ භාවිතය සඳහා මග පෙන්විමක්
246 ## - VARYING FORM OF TITLE
Title proper/short title Gochara ahaara shaka sansthaapanaya, nadaththuva saha bhaavithaya sadahaa maga penvimak
300 ## - PHYSICAL DESCRIPTION
Extent 13p., 27 cm
650 ## - SUBJECT ADDED ENTRY--TOPICAL TERM
Topical term or geographic name as entry element Agriculture
Holdings
Withdrawn status Lost status Damaged status Not for loan Collection code Permanent Location Current Location Date acquired Full call number Barcode Koha item type
        Science Library National Museum Colombo - Sri Lanka Library National Museum Colombo - Sri Lanka 2023-06-11 636 SRI LANKA 16138 Books
Copyright © 2023 Department of National Museum, Colombo 07, Sri Lanka Funded by UNESCO IFAP UNESCO